00785cam a2200253 a 450000100060000000300100000600500170001600700030003300800410003602000150007704000360009208200160012810000340014424500970017825000180027530000180029333600270031133700330033833800280037149000310039965000370043065000380046770000260050558176CO-BoRNBP20250820141154.0ta051121s1994 ck a gr 000 j spa d a9580409641 aCO-ArBCAbspacCO-BoBNdCO-BoBN04a833.9142231 aBergdolt de Walschburger, Ute10aLeyendas de nuestra América /cUte Bergdolt Walschburger ; ilustraciones de Alfredo Lleras a1a. edición a189 p. :bil. 2rdacontentatextobtxt 2rdamediaasin mediaciónbn 2rdacarrieravolumenbnc0 aTorre de papel. Torre azul14aCuentos alemanesySiglo XX2LEMB14aCuentos infantiles alemanes2LEMB1 aLleras, Alfredo,eil.